[Event "DVM U20w 2010"]
[Site "Magdeburg GER"]
[Date "2010.12.27"]
[Round "1"]
[White "Schulz, Anja"]
[Black "Erben, Larissa"]
[Result "1-0"]
[Termination "normal"]
[Board "1.1"]
[WhiteElo "2045"]
[BlackElo "2092"]
[WhiteTeam "USC Magdeburg"]
[BlackTeam "SV Stuttgart-Wolfbusch"]
[PlyCount "71"]
[WhiteFideId "24647845"]
[BlackFideId "24634590"]
[EventCountry "GER"]
[EventRounds "7"]
[EventType "team-swiss"]
[EventDate "2010.12.26"]

1. e4 c5 2. Nf3 e6 3. d4 cxd4 4. Nxd4 Nc6 5. Nc3 Qc7 6. Be2 a6 7. Be3 Nf6 8. a3
b5 9. f4 b4 10. axb4 Bxb4 11. O-O Bxc3 12. bxc3 Nxe4 13. Bf3 Nd6 14. Qd3 Bb7
15. Nb3 Nf5 16. Bf2 d6 17. g4 Nfe7 18. Nd2 O-O 19. Ne4 d5 20. Nc5 Ng6 21. Bg3
Nce5 22. Qd4 Rac8 23. Nxa6 Nxf3+ 24. Rxf3 Qc4 25. Nb4 Rfe8 26. Ra7 Ba8 27. f5
Qxd4+ 28. cxd4 exf5 29. gxf5 Nf8 30. Be5 Rc4 31. c3 Rec8 32. Rg3 g6 33. fxg6
hxg6 34. Rf3 Rxc3 35. Rxc3 Rxc3 36. Rxa8 1-0

[Event "DVM U20w 2010"]
[Site "Magdeburg GER"]
[Date "2010.12.27"]
[Round "1"]
[White "Mijatovic, Andrea"]
[Black "Heinemann, Josefine"]
[Result "1-0"]
[Termination "normal"]
[Board "1.2"]
[WhiteElo "1912"]
[BlackElo "1578"]
[WhiteTeam "SV Stuttgart-Wolfbusch"]
[BlackTeam "USC Magdeburg"]
[PlyCount "53"]
[WhiteFideId "14514524"]
[BlackFideId "12900460"]
[EventCountry "GER"]
[EventRounds "7"]
[EventType "team-swiss"]
[EventDate "2010.12.26"]

1. e4 c5 2. Nf3 d6 3. d4 cxd4 4. Nxd4 Nf6 5. Nc3 a6 6. Bg5 e6 7. f4 Be7 8. Qf3
Nbd7 9. O-O-O Qc7 10. Bd3 b5 11. Rhe1 Bb7 12. Nd5 Nxd5 13. Nxe6 fxe6 14. exd5
Bxd5 15. Qh5+ Kd8 16. Bxe7+ Kxe7 17. Qxd5 Ne5 18. Qd4 Nxd3+ 19. Rxd3 Rhg8 20.
Rde3 Qd7 21. Qd5 Rgd8 22. Rxe6+ Kf8 23. Qf5+ Qf7 24. Qxh7 Qxf4+ 25. Kb1 Qf2 26.
Qh8+ Kf7 27. Re7+ 1-0

[Event "DVM U20w 2010"]
[Site "Magdeburg GER"]
[Date "2010.12.27"]
[Round "1"]
[White "Weiß, Katharina"]
[Black "Schäfer, Daniela"]
[Result "1/2-1/2"]
[Termination "normal"]
[Board "1.3"]
[WhiteElo "1776"]
[BlackElo "1920"]
[WhiteTeam "USC Magdeburg"]
[BlackTeam "SV Stuttgart-Wolfbusch"]
[PlyCount "93"]
[WhiteFideId "24692859"]
[BlackFideId "4624769"]
[EventCountry "GER"]
[EventRounds "7"]
[EventType "team-swiss"]
[EventDate "2010.12.26"]

1. e4 d6 2. d4 Nf6 3. Nc3 g6 4. Be3 c6 5. Be2 Nbd7 6. Qd2 b5 7. d5 cxd5 8. Nxd5
a6 9. Qc3 Nxd5 10. exd5 Nf6 11. Bf3 Bf5 12. Qc6+ Bd7 13. Qb6 Qxb6 14. Bxb6 Rc8
15. c3 Bh6 16. Ne2 O-O 17. O-O Bg4 18. Bxg4 Nxg4 19. Bd4 e5 20. Bb6 f5 21. Rad1
Nf6 22. f3 Nd7 23. Bf2 Rfe8 24. Rfe1 Nc5 25. Ng3 Na4 26. Re2 Re7 27. Nf1 Rb7
28. Rc2 b4 29. c4 b3 30. axb3 Rxb3 31. Ra1 Rxb2 32. Rxb2 Nxb2 33. Rxa6 Nxc4 34.
Rc6 Rxc6 35. dxc6 d5 36. Bc5 Bf8 37. Bxf8 Kxf8 38. Ne3 Nb6 39. c7 d4 40. Nc4
Nc8 41. Nxe5 Ke7 42. Nc6+ Kd6 43. Nxd4 Ne7 44. Kf2 Kxc7 45. Kg3 Kd6 46. Kf4 h6
47. Nb5+ 1/2-1/2

[Event "DVM U20w 2010"]
[Site "Magdeburg GER"]
[Date "2010.12.27"]
[Round "1"]
[White "Häcker, Katrin"]
[Black "Merker, Vivien"]
[Result "1-0"]
[Termination "normal"]
[Board "1.4"]
[WhiteElo "1611"]
[BlackElo "1101"]
[WhiteTeam "SV Stuttgart-Wolfbusch"]
[BlackTeam "USC Magdeburg"]
[PlyCount "49"]
[WhiteFideId "24667986"]
[BlackFideId "12927260"]
[EventCountry "GER"]
[EventRounds "7"]
[EventType "team-swiss"]
[EventDate "2010.12.26"]

1. e4 c5 2. Nf3 Nc6 3. d4 cxd4 4. Nxd4 Nf6 5. Nc3 e6 6. a3 Be7 7. Be2 O-O 8.
O-O Bc5 9. Be3 e5 10. Nxc6 bxc6 11. Bxc5 Re8 12. Bc4 Bb7 13. Bd6 Qb6 14. Na4
Qa5 15. Nc5 Rab8 16. b4 Qd8 17. Bxb8 Qxb8 18. Nxd7 Nxd7 19. Qxd7 Rf8 20. Rad1
h6 21. Rd3 Bc8 22. Qe7 Bb7 23. Rd7 Re8 24. Qxf7+ Kh7 25. Qxg7# 1-0

[Event "DVM U20w 2010"]
[Site "Magdeburg GER"]
[Date "2010.12.27"]
[Round "1"]
[White "Schmalhorst, Sophia"]
[Black "Blübaum, Johanna"]
[Result "1/2-1/2"]
[Termination "normal"]
[Board "2.1"]
[WhiteElo "1861"]
[BlackElo "2026"]
[WhiteTeam "SC Ladja Roßdorf"]
[BlackTeam "Schachverein Wesel 1928"]
[PlyCount "130"]
[WhiteFideId "24682497"]
[BlackFideId "24647373"]
[EventCountry "GER"]
[EventRounds "7"]
[EventType "team-swiss"]
[EventDate "2010.12.26"]

1. e4 e6 2. d4 d5 3. exd5 exd5 4. Qf3 Be7 5. Bd3 Nf6 6. h3 O-O 7. Ne2 b6 8. O-O
c5 9. dxc5 bxc5 10. c4 Bb7 11. Nbc3 Nbd7 12. Nxd5 Nxd5 13. cxd5 Ne5 14. Qe4
Nxd3 15. Qxd3 Qxd5 16. Qxd5 Bxd5 17. Nc3 Bc6 18. Be3 Rab8 19. b3 Rfd8 20. Rad1
Bf6 21. Nb1 Bb5 22. Rfe1 c4 23. bxc4 Bxc4 24. Bxa7 Rxd1 25. Rxd1 Ra8 26. Be3
Bxa2 27. Nd2 Bd5 28. Rb1 Ra1 29. Rxa1 Bxa1 30. Kh2 Be5+ 31. g3 f6 32. f3 Kf7
33. Kg2 Ke6 34. Bc5 f5 35. Nf1 g6 36. Ne3 Bb3 37. f4 Bc3 38. Kf3 Be1 39. g4 Ba4
40. gxf5+ gxf5 41. Bd4 Bc6+ 42. Ke2 Ba5 43. Be5 Bd8 44. Kf2 Bh4+ 45. Ke2 Be4
46. Bc3 Bg3 47. Be5 Kf7 48. Nf1 Bh4 49. Ne3 Kg6 50. Kf1 Kh5 51. Ng2 Bg3 52. Bd6
Bd3+ 53. Kg1 Kg6 54. Ne3 Be1 55. Be5 Kh5 56. Ng2 Bb4 57. Bc7 Bc5+ 58. Kh2 Bf2
59. Be5 Kg6 60. Bc3 Kf7 61. Ne1 Be4 62. Ng2 Ke6 63. Bd2 Kd5 64. Be3 Bxg2 65.
Bxf2 Be4 1/2-1/2

[Event "DVM U20w 2010"]
[Site "Magdeburg GER"]
[Date "2010.12.27"]
[Round "1"]
[White "Tran, My Linh"]
[Black "Höpken, Sarah"]
[Result "1-0"]
[Termination "normal"]
[Board "2.3"]
[WhiteElo "1892"]
[BlackElo "1451"]
[WhiteTeam "SC Ladja Roßdorf"]
[BlackTeam "Schachverein Wesel 1928"]
[PlyCount "51"]
[WhiteFideId "24682462"]
[BlackFideId "12927279"]
[EventCountry "GER"]
[EventRounds "7"]
[EventType "team-swiss"]
[EventDate "2010.12.26"]

1. e4 e5 2. Nf3 d6 3. d4 Bg4 4. dxe5 Bxf3 5. Qxf3 dxe5 6. Bc4 Qd7 7. O-O Nf6 8.
Rd1 Bd6 9. Bg5 Qe7 10. Nc3 c6 11. Rd2 Na6 12. Rad1 Rd8 13. Bxa6 bxa6 14. Qe2 a5
15. Qa6 Qc7 16. Bxf6 gxf6 17. Nb5 cxb5 18. Rxd6 Ke7 19. R6d2 b4 20. g3 Rxd2 21.
Rxd2 h5 22. Rd5 Rg8 23. Qxa5 Qb7 24. Qc5+ Ke8 25. Qd6 Qc8 26. Rb5 1-0

[Event "DVM U20w 2010"]
[Site "Magdeburg GER"]
[Date "2010.12.27"]
[Round "1"]
[White "Bachem, Sabrina"]
[Black "Zikeli, Saskia"]
[Result "0-1"]
[Termination "normal"]
[Board "3.1"]
[WhiteElo "1497"]
[BlackElo "2069"]
[WhiteTeam "TTC GW Fritzdorf"]
[BlackTeam "Schachclub Ingersheim"]
[PlyCount "60"]
[BlackFideId "24601543"]
[EventCountry "GER"]
[EventRounds "7"]
[EventType "team-swiss"]
[EventDate "2010.12.26"]

1. e4 c5 2. Nc3 d6 3. g3 Nc6 4. Bg2 g6 5. d3 Bg7 6. Nge2 e6 7. O-O Nge7 8. Be3
O-O 9. f4 b6 10. Qd2 d5 11. exd5 exd5 12. Bf2 d4 13. Ne4 h6 14. Qd1 Re8 15. c3
Bg4 16. h3 Bxe2 17. Qxe2 f5 18. Nd2 dxc3 19. bxc3 Qd7 20. Nc4 Rad8 21. Rad1
Bxc3 22. Qc2 Nd4 23. Bxd4 Bxd4+ 24. Kh1 Nd5 25. Rde1 Kg7 26. Bxd5 Qxd5+ 27. Qg2
Qxg2+ 28. Kxg2 b5 29. Nd2 Rxe1 30. Rxe1 Bc3 0-1

[Event "DVM U20w 2010"]
[Site "Magdeburg GER"]
[Date "2010.12.27"]
[Round "1"]
[White "Jehle, Anja"]
[Black "Bachem, Lisa"]
[Result "1-0"]
[Termination "normal"]
[Board "3.2"]
[WhiteElo "1933"]
[BlackElo "1487"]
[WhiteTeam "Schachclub Ingersheim"]
[BlackTeam "TTC GW Fritzdorf"]
[PlyCount "93"]
[WhiteFideId "24631434"]
[BlackFideId "12909912"]
[EventCountry "GER"]
[EventRounds "7"]
[EventType "team-swiss"]
[EventDate "2010.12.26"]

1. d4 d5 2. c4 e6 3. Nc3 Nf6 4. Bg5 Be7 5. Nf3 Nbd7 6. e3 c6 7. Bd3 dxc4 8.
Bxc4 b5 9. Bb3 O-O 10. O-O Bb7 11. Rc1 a6 12. Qe2 Rc8 13. Rfd1 c5 14. Ne5 c4
15. Bc2 Nd5 16. Bxe7 Nxe7 17. Ne4 f6 18. Nxd7 Qxd7 19. Nc5 Qc6 20. e4 Rcd8 21.
b3 e5 22. Nxb7 Qxb7 23. d5 Qc8 24. bxc4 Qxc4 25. Qxc4 bxc4 26. Ba4 Rc8 27. d6
Ng6 28. d7 Rcd8 29. Rxc4 Ne7 30. Rc7 Kf7 31. h4 f5 32. Rd6 g6 33. Bb3+ Kg7 34.
Re6 Ng8 35. Rxe5 fxe4 36. Rxe4 Nf6 37. Rd4 Kh6 38. Ra7 Kg7 39. Rxa6 h5 40. f3
Kh6 41. a4 Rxd7 42. Rxd7 Nxd7 43. Bc2 Rg8 44. a5 Nc5 45. Rc6 Nb7 46. a6 Na5 47.
Rc5 1-0

[Event "DVM U20w 2010"]
[Site "Magdeburg GER"]
[Date "2010.12.27"]
[Round "1"]
[White "Sturm, Johanna"]
[Black "Zikeli, Julia"]
[Result "0-1"]
[Termination "normal"]
[Board "3.3"]
[WhiteElo "1441"]
[BlackElo "1834"]
[WhiteTeam "TTC GW Fritzdorf"]
[BlackTeam "Schachclub Ingersheim"]
[PlyCount "102"]
[WhiteFideId "12909904"]
[BlackFideId "24622753"]
[EventCountry "GER"]
[EventRounds "7"]
[EventType "team-swiss"]
[EventDate "2010.12.26"]

1. e4 c5 2. Nc3 d6 3. g3 Nf6 4. Bg2 Nbd7 5. d3 e6 6. Nge2 Be7 7. O-O Rb8 8. Be3
b5 9. a3 a6 10. Qc1 Bb7 11. Nd1 Nb6 12. f4 c4 13. Nf2 Rc8 14. Qd1 Na4 15. Rb1
d5 16. e5 Nd7 17. d4 c3 18. Nd3 cxb2 19. Nxb2 Nxb2 20. Rxb2 Bxa3 21. Rb1 Nb6
22. Bc1 Nc4 23. Bxa3 Nxa3 24. Rc1 O-O 25. Qd3 Nc4 26. Rf2 a5 27. Nc3 Ba6 28.
Bf1 a4 29. Na2 Qa5 30. Rb1 Ra8 31. Nb4 Bb7 32. c3 Rfc8 33. Ra2 Rc7 34. Rc1 Bc8
35. Qf3 Bd7 36. Rb1 Rac8 37. Bxc4 Rxc4 38. Rc2 Qc7 39. Rbc1 Ra8 40. Qd3 a3 41.
Ra1 Ra4 42. Rac1 Be8 43. Na2 f6 44. Re2 b4 45. Qc2 bxc3 46. Qb3 Qa7 47. Rxc3
Qxd4+ 48. Rce3 Qc5 49. Nc3 Rab4 50. Qxa3 d4 51. Na2 Rb1+ 0-1

[Event "DVM U20w 2010"]
[Site "Magdeburg GER"]
[Date "2010.12.27"]
[Round "1"]
[White "Fröschle, Luzie"]
[Black "Jentsch, Jasmin"]
[Result "1-0"]
[Termination "normal"]
[Board "3.4"]
[WhiteElo "1775"]
[BlackElo "1215"]
[WhiteTeam "Schachclub Ingersheim"]
[BlackTeam "TTC GW Fritzdorf"]
[PlyCount "102"]
[WhiteFideId "24631221"]
[BlackFideId "12909920"]
[EventCountry "GER"]
[EventRounds "7"]
[EventType "team-swiss"]
[EventDate "2010.12.26"]

1. d4 d5 2. c4 e6 3. Nc3 Nf6 4. Bg5 Be7 5. Nf3 O-O 6. e3 Nbd7 7. cxd5 exd5 8.
Bd3 a6 9. O-O b5 10. a3 Bb7 11. b4 Re8 12. Qc2 h6 13. Bf4 Rb8 14. Rfc1 Bc6 15.
Ne2 Rb6 16. Qb3 Nh5 17. Rc2 Nxf4 18. Nxf4 Nf6 19. Rac1 Qa8 20. Ne5 g5 21. Ne2
Bb7 22. Rxc7 Bd6 23. R7c2 Bxe5 24. dxe5 Rxe5 25. Nd4 Rd6 26. Nf5 Rc6 27. Nxh6+
Kf8 28. Rc5 Nd7 29. Rxc6 Bxc6 30. Be2 Kg7 31. Ng4 Re8 32. Qc3+ Kf8 33. Qxc6
Qxc6 34. Rxc6 Nb8 35. Rd6 Rc8 36. Rxd5 Rc2 37. Bf1 Nc6 38. Rc5 Rxc5 39. bxc5
Ke7 40. g3 f5 41. Nh6 Kf6 42. Bd3 Ne7 43. e4 fxe4 44. Bxe4 Ke5 45. Bb7 a5 46.
c6 Kd6 47. Nf7+ Kc7 48. Ne5 Nf5 49. Nd3 Nd6 50. Nb2 Nxb7 51. cxb7 Kxb7 1-0

[Event "DVM U20w 2010"]
[Site "Magdeburg GER"]
[Date "2010.12.27"]
[Round "1"]
[White "Stark, Saskia"]
[Black "Hoffmann, Hanna Dorina"]
[Result "1-0"]
[Termination "normal"]
[Board "4.1"]
[WhiteElo "1978"]
[BlackElo "1549"]
[WhiteTeam "SG Grün-Weiß Dresden"]
[BlackTeam "Dortmunder SV 1875"]
[PlyCount "51"]
[WhiteFideId "4601050"]
[BlackFideId "12909858"]
[EventCountry "GER"]
[EventRounds "7"]
[EventType "team-swiss"]
[EventDate "2010.12.26"]

1. e4 c5 2. Nc3 d6 3. f4 Nc6 4. Nf3 Bd7 5. Bc4 Rc8 6. a4 e6 7. O-O Qf6 8. d3 g6
9. Be3 Nd4 10. Qd2 Bg7 11. Bxd4 cxd4 12. Ne2 e5 13. fxe5 Qd8 14. Nfxd4 Rxc4 15.
dxc4 dxe5 16. Nb5 Qb6+ 17. Kh1 Nf6 18. a5 Qc5 19. b4 Nxe4 20. Qxd7+ Kxd7 21.
bxc5 Ke7 22. Nd6 Nxc5 23. Rxf7+ Kxd6 24. Rxg7 Kc6 25. Nc3 Ne6 26. Re7 1-0

[Event "DVM U20w 2010"]
[Site "Magdeburg GER"]
[Date "2010.12.27"]
[Round "1"]
[White "Friese, Sarah"]
[Black "Lorenz, Nicole"]
[Result "0-1"]
[Termination "normal"]
[Board "4.2"]
[WhiteElo "1490"]
[BlackElo "1887"]
[WhiteTeam "Dortmunder SV 1875"]
[BlackTeam "SG Grün-Weiß Dresden"]
[PlyCount "78"]
[WhiteFideId "24691950"]
[BlackFideId "24623709"]
[EventCountry "GER"]
[EventRounds "7"]
[EventType "team-swiss"]
[EventDate "2010.12.26"]

1. e4 c5 2. Nf3 Nc6 3. d4 cxd4 4. Nxd4 Nf6 5. Nc3 d6 6. Be3 e5 7. Nb3 Be6 8.
Bd3 Be7 9. O-O O-O 10. Ne2 a5 11. c4 a4 12. Nbc1 Ng4 13. Qd2 Nxe3 14. fxe3 Qb6
15. Nc3 Bg5 16. Re1 Nb4 17. Nd5 Bxd5 18. exd5 f5 19. Kh1 f4 20. e4 Bh4 21. Rf1
Nxd3 22. Nxd3 Qd4 23. Rac1 Qxe4 24. Nf2 Bxf2 25. Qxf2 Rac8 26. Qc2 Qxc2 27.
Rxc2 Rc5 28. b4 axb3 29. axb3 b5 30. g3 bxc4 31. Rxc4 Rxc4 32. bxc4 fxg3 33.
Rxf8+ Kxf8 34. hxg3 Ke7 35. Kg2 Kd7 36. Kf3 Kc7 37. Kg4 Kb6 38. Kf5 Kc5 39. Ke6
e4 0-1

[Event "DVM U20w 2010"]
[Site "Magdeburg GER"]
[Date "2010.12.27"]
[Round "1"]
[White "Kosovska, Olena"]
[Black "Finke, Lara"]
[Result "1-0"]
[Termination "normal"]
[Board "4.3"]
[WhiteElo "1872"]
[BlackElo "1270"]
[WhiteTeam "SG Grün-Weiß Dresden"]
[BlackTeam "Dortmunder SV 1875"]
[PlyCount "69"]
[WhiteFideId "4647963"]
[BlackFideId "12909874"]
[EventCountry "GER"]
[EventRounds "7"]
[EventType "team-swiss"]
[EventDate "2010.12.26"]

1. c4 e5 2. Nc3 Nf6 3. g3 Be7 4. Bg2 O-O 5. e3 d6 6. Nge2 Nc6 7. O-O Bd7 8. d4
exd4 9. Nxd4 Rb8 10. a3 Qc8 11. Re1 Re8 12. b4 Ne5 13. Qb3 Be6 14. Nd5 c6 15.
Nxe7+ Rxe7 16. Bf1 b5 17. e4 Bxc4 18. Bxc4 Nxc4 19. f3 h6 20. Bb2 Ne5 21. Rac1
Rc7 22. Nf5 Qe6 23. Qd1 Rd8 24. Nd4 Qd7 25. Qe2 a6 26. Red1 Qe8 27. Kg2 c5 28.
Nf5 Nc4 29. Bxf6 gxf6 30. Nxh6+ Kf8 31. bxc5 dxc5 32. Nf5 Rxd1 33. Rxd1 Ne5 34.
Qd2 Qe6 35. Qd8+ 1-0

[Event "DVM U20w 2010"]
[Site "Magdeburg GER"]
[Date "2010.12.27"]
[Round "1"]
[White "Büttner, Sarah"]
[Black "Schreiber, Stefanie"]
[Result "1/2-1/2"]
[Termination "normal"]
[Board "4.4"]
[WhiteElo "1285"]
[BlackElo "1256"]
[WhiteTeam "Dortmunder SV 1875"]
[BlackTeam "SG Grün-Weiß Dresden"]
[PlyCount "74"]
[WhiteFideId "12909866"]
[EventCountry "GER"]
[EventRounds "7"]
[EventType "team-swiss"]
[EventDate "2010.12.26"]

1. d4 d5 2. c4 e6 3. Nc3 Nf6 4. Bg5 Nbd7 5. Nf3 c6 6. e4 dxe4 7. Nxe4 Qa5+ 8.
Ned2 Ne4 9. Be3 Bb4 10. Bd3 Nxd2 11. Bxd2 Bxd2+ 12. Nxd2 Qg5 13. O-O O-O 14.
Ne4 Qh4 15. Nd6 Nf6 16. Be2 Qf4 17. c5 Ne4 18. Nxe4 Qxe4 19. Bf3 Qg6 20. Qa4
Rd8 21. Rad1 Qf6 22. Rd3 Qe7 23. Rfd1 f6 24. Qc2 Bd7 25. b4 a6 26. Be2 Be8 27.
Rh3 Bg6 28. Qc3 Rd7 29. Bd3 f5 30. Bc4 Rad8 31. Rhd3 Qf6 32. Re1 Bf7 33. Red1
Bh5 34. f3 Bf7 35. a4 Kf8 36. b5 axb5 37. axb5 Ra8 1/2-1/2

[Event "DVM U20w 2010"]
[Site "Magdeburg GER"]
[Date "2010.12.27"]
[Round "1"]
[White "Balsakow, Christine"]
[Black "Anker, Christin"]
[Result "1/2-1/2"]
[Termination "normal"]
[Board "5.1"]
[WhiteElo "1383"]
[BlackElo "1894"]
[WhiteTeam "SK Nordhorn-Blanke"]
[BlackTeam "SpVgg Stetten"]
[PlyCount "45"]
[BlackFideId "1615688"]
[EventCountry "GER"]
[EventRounds "7"]
[EventType "team-swiss"]
[EventDate "2010.12.26"]

1. e4 e5 2. d4 exd4 3. Qxd4 Nc6 4. Qe3 Nf6 5. Nc3 b6 6. Bc4 Bc5 7. Qg3 Qe7 8.
Bg5 Bd4 9. Nge2 Nxe4 10. Bxe7 Nxg3 11. fxg3 Kxe7 12. Nxd4 Nxd4 13. O-O Ne6 14.
Rae1 c6 15. Bb3 d5 16. Ne2 Bd7 17. Nd4 Rhe8 18. Nf5+ Kf8 19. Nd6 Re7 20. Nf5
Ree8 21. Nd6 Re7 22. Nf5 Ree8 23. Nd6 1/2-1/2

[Event "DVM U20w 2010"]
[Site "Magdeburg GER"]
[Date "2010.12.27"]
[Round "1"]
[White "Wisheckel, Lena"]
[Black "Kleinschmidt, Annika"]
[Result "1/2-1/2"]
[Termination "normal"]
[Board "5.2"]
[WhiteElo "1778"]
[BlackElo "1552"]
[WhiteTeam "SpVgg Stetten"]
[BlackTeam "SK Nordhorn-Blanke"]
[PlyCount "63"]
[WhiteFideId "24691992"]
[BlackFideId "24670049"]
[EventCountry "GER"]
[EventRounds "7"]
[EventType "team-swiss"]
[EventDate "2010.12.26"]

1. e4 c5 2. Nc3 d6 3. f4 Nf6 4. Nf3 e6 5. Bc4 Be7 6. O-O O-O 7. d3 a6 8. a3 Nc6
9. h3 b5 10. Ba2 Bb7 11. Kh2 Qc7 12. g4 Nd4 13. Nxd4 cxd4 14. Ne2 e5 15. f5
Rac8 16. Bb3 h6 17. Ng3 d5 18. h4 dxe4 19. g5 hxg5 20. hxg5 exd3 21. gxf6 Qc6
22. Rg1 Qxf6 23. Qg4 dxc2 24. Nh5 Qh4+ 25. Qxh4 Bxh4 26. Rxg7+ Kh8 27. Rxf7
Rxf7 28. Bxf7 Rf8 29. Be6 d3 30. Bh6 Rd8 31. f6 d2 32. Bg7+ 1/2-1/2

[Event "DVM U20w 2010"]
[Site "Magdeburg GER"]
[Date "2010.12.27"]
[Round "1"]
[White "Warmer, Marina"]
[Black "Münch, Marlene"]
[Result "0-1"]
[Termination "normal"]
[Board "5.3"]
[WhiteElo "1519"]
[BlackElo "1850"]
[WhiteTeam "SK Nordhorn-Blanke"]
[BlackTeam "SpVgg Stetten"]
[PlyCount "40"]
[WhiteFideId "12909840"]
[BlackFideId "24639222"]
[EventCountry "GER"]
[EventRounds "7"]
[EventType "team-swiss"]
[EventDate "2010.12.26"]

1. e4 e6 2. d4 d5 3. exd5 exd5 4. Bd3 Bd6 5. Ne2 Nf6 6. Bf4 O-O 7. Bxd6 Qxd6 8.
c3 Bg4 9. f3 Bh5 10. Qc2 Re8 11. Nd2 Bg6 12. g4 Qe6 13. Rc1 Qe3 14. Nf1 Qxd3
15. Qxd3 Bxd3 16. Nfg3 Nbd7 17. Rd1 Bxe2 18. Nxe2 Nb6 19. Kd2 Nc4+ 20. Kc1 Rxe2
0-1

[Event "DVM U20w 2010"]
[Site "Magdeburg GER"]
[Date "2010.12.27"]
[Round "1"]
[White "Mehling, Franziska"]
[Black "Veelders, Sarah"]
[Result "1-0"]
[Termination "normal"]
[Board "5.4"]
[WhiteElo "1577"]
[BlackElo "1085"]
[WhiteTeam "SpVgg Stetten"]
[BlackTeam "SK Nordhorn-Blanke"]
[PlyCount "29"]
[WhiteFideId "12900133"]
[BlackFideId "12913421"]
[EventCountry "GER"]
[EventRounds "7"]
[EventType "team-swiss"]
[EventDate "2010.12.26"]

1. e4 e6 2. d4 d5 3. Nd2 Nf6 4. e5 Nfd7 5. Bd3 c5 6. c3 Nc6 7. Ne2 Be7 8. Nf3
O-O 9. O-O h6 10. Ng3 cxd4 11. cxd4 Qc7 12. a3 a6 13. Bc2 b5 14. Qd3 Rd8 15.
Qh7+ 1-0